Bedrängte Freiheit : die Lehre von der Mitwirkung - neu bedacht / Klaus Demmer
Record details
- ISBN: 978-3-7278-1661-1
- ISBN: 978-3-451-32294-5
- Physical Description: 204 s. ; 23 cm
- Publisher: Freiburg, Schweiz : Academic Press Fribourg, c2010
Search for related items by subject
| Subject: | morální teologie jedinec společnost |
Search for related items by series
Available copies
- 1 of 1 copy available at Common Catalog SPOK.
Holds
- 0 current holds with 1 total copy.
Show Only Available Copies
| Location | Call Number / Copy Notes | Barcode | Shelving Location | Status | Due Date |
|---|---|---|---|---|---|
| Jabok Library | ET-9.2/D | 424480024072 | Odborná literatura | Available | - |
| LDR | 00942nam a22002897a 4500 | ||
|---|---|---|---|
| 001 | 658 | ||
| 003 | CZ-PrJAB | ||
| 005 | 20190426104020.0 | ||
| 007 | ta | ||
| 008 | 121105s2010 sz f |||| 0 ger d | ||
| 020 | . | ‡a978-3-7278-1661-1 ‡q(brož., Academic Press Fribourg) | |
| 020 | . | ‡a978-3-451-32294-5 ‡q(brož., Verlag Herder Wien) | |
| 035 | . | ‡a(CZ PrSKC)001526343 | |
| 040 | . | ‡aABD064 ‡bcze | |
| 080 | . | ‡a241 | |
| 100 | 1 | . | ‡aDemmer, Klaus, ‡d1931- ‡7uk2009485683 ‡4aut |
| 245 | 1 | 0. | ‡aBedrängte Freiheit : ‡bdie Lehre von der Mitwirkung - neu bedacht / ‡cKlaus Demmer |
| 260 | . | ‡aFreiburg, Schweiz : ‡bAcademic Press Fribourg, ‡cc2010 | |
| 300 | . | ‡a204 s. ; ‡c23 cm | |
| 490 | 1 | . | ‡aStudien zur theologischen Ethik ; ‡v127 |
| 650 | 0 | 7. | ‡amorální teologie ‡7ph115355 ‡2czenas |
| 650 | 0 | 4. | ‡ajedinec |
| 650 | 0 | 7. | ‡aspolečnost ‡7ph116245 ‡2czenas |
| 830 | 0. | ‡aStudien zur theologischen Ethik | |
| 910 | . | ‡aABG312 | |
| 995 | . | ‡aska | |
| 901 | . | ‡a658 ‡bUnknown ‡c658 ‡tbiblio | |